María / (Registro nro. 9400)
[ vista simple ]
| 000 -LEADER | |
|---|---|
| fixed length control field | 00665nam a2200265 a 4500 |
| 001 - CONTROL NUMBER | |
| control field | 0017356 |
| 003 - CONTROL NUMBER IDENTIFIER | |
| control field | DO-SdBNP |
| 005 - DATE AND TIME OF LATEST TRANSACTION | |
| control field | 20160328140431.0 |
| 007 - PHYSICAL DESCRIPTION FIXED FIELD--GENERAL INFORMATION | |
| fixed length control field | 0017356 |
| 008 - FIXED-LENGTH DATA ELEMENTS--GENERAL INFORMATION | |
| fixed length control field | 100323s1987 dr a 000 spa d |
| 040 ## - CATALOGING SOURCE | |
| Original cataloging agency | BNPHU |
| Language of cataloging | spa |
| Transcribing agency | BNPHU |
| 049 ## - LOCAL HOLDINGS (OCLC) | |
| Holding library | BPMSU |
| 092 ## - LOCALLY ASSIGNED DEWEY CALL NUMBER (OCLC) | |
| Classification number | Co863.2 |
| Item number | I73m, 1987 |
| 100 1# - MAIN ENTRY--PERSONAL NAME | |
| Personal name | Isaacs, Jorge, |
| Dates associated with a name | 1837-1895 |
| 245 10 - TITLE STATEMENT | |
| Title | María / |
| Statement of responsibility, etc. | Jorge Isaacs |
| 250 ## - EDITION STATEMENT | |
| Edition statement | 2a. ed. |
| 260 ## - PUBLICATION, DISTRIBUTION, ETC. (IMPRINT) | |
| Place of publication, distribution, etc. | Santo Domingo: |
| Name of publisher, distributor, etc. | Alfa & Omega |
| Date of publication, distribution, etc. | 1987 |
| 300 ## - PHYSICAL DESCRIPTION | |
| Extent | 159 p. : |
| Other physical details | |
| Dimensions | 17 cm. |
| 650 #4 - SUBJECT ADDED ENTRY--TOPICAL TERM | |
| Topical term or geographic name as entry element | NOVELA COLOMBIANA |
| 650 #4 - SUBJECT ADDED ENTRY--TOPICAL TERM | |
| Topical term or geographic name as entry element | LITERATURA COLOMBIANA |
| 700 1# - ADDED ENTRY--PERSONAL NAME | |
| Personal name | |
| Relator term | |
| 910 ## - USER-OPTION DATA (OCLC) | |
| User-option data | |
| 942 ## - ADDED ENTRY ELEMENTS (KOHA) | |
| Source of classification or shelving scheme | Dewey Decimal Classification |
| Koha item type | Libros |
| 956 ## - LOCAL ELECTRONIC LOCATION AND ACCESS (OCLC) | |
| Host name | VMATEO |
| Access number | 10 |
| Compression information | 20160328 |
| Logon | BPMSU |
| Processor of request | 0069 |
| Withdrawn status | Lost status | Source of classification or shelving scheme | Damaged status | Not for loan | Collection code | Home library | Current library | Date acquired | Source of acquisition | Total Checkouts | Barcode | Date last seen | Price effective from | Koha item type |
|---|---|---|---|---|---|---|---|---|---|---|---|---|---|---|
| Dewey Decimal Classification | Biblioteca Pública Metropolitana Salomé Ureña | Biblioteca Pública Metropolitana Salomé Ureña | 03/28/2016 | FUNDI | BPMET16030281 | 03/28/2016 | 03/28/2016 | Libros |